000 00934nam a2200289 i 4500
001 6127
003 ES-MaACL
005 20250825092212.0
008 890809s1989 sp ||||1| spa d
020 _a84-86168-41-4
020 _a84-368-0457-0
080 _a025.7
100 1 _aIpert, Stéphane.
_965391
245 1 0 _aRestauración de libros /
_cStéphane Ipert, Michèle Rome-Hyacinthe.
260 _aMadrid :
_bFundación Germán Sánchez Ruipérez :
_bPirámide,
_c1989.
300 _a133 p. :
_bil. ;
_c26 cm.
490 1 _aBiblioteca del libro ;
_vQ
500 _aGlosario.
500 _aBibliografia.
650 4 _aLibros-
_xRestauración
_914437
700 1 _aRome-Hyacinthe, Michèle.
_999278
830 1 0 _aBiblioteca del libro
_vQ
_9177916
852 _aES-MaACL
_jL-13342
_z- Enc. cart.
852 _aES-MaACL
_jA-15050
_9 6292
_cDEPO1
_dOlim: 025.85 IPE res
942 _2udc
999 _c6127
_d6127